000
00302nam a22001337a 4500
008
170830b xxu||||| |||| 00| 0 eng d
020
_a
9780534606787
041
_a
eng
080
_2
7TH
_a
070
100
_a
40
101
_a
MED
245
_a
COMMUNICATING FOR RESULTS
_c
HAMILTON,.CH
942
_2
udc
_c
BK
999
_c
25632
_d
25632